|
|
|
|
| LEADER |
00872nam a22002291 4500 |
| 001 |
40169 |
| 003 |
BD-DhAAL |
| 008 |
221212r19641925nyu 000 0 eng d |
| 999 |
|
|
|c 45164
|d 45164
|
| 010 |
|
|
|a 67002244
|
| 040 |
|
|
|a BD-DhAAL
|c BD-DhAAL
|
| 050 |
0 |
0 |
|a Q175
|b .W65 1967
|
| 082 |
0 |
0 |
|a 501
|
| 100 |
1 |
|
|a Whitehead, Alfred North,
|d 1861-1947.
|9 52818
|
| 245 |
1 |
0 |
|a Science and the modern world /
|c Alfred North Whitehead.
|
| 260 |
|
|
|a New York,
|b The new American Library,
|c 1925 [thirteenth printing 1964].
|
| 300 |
|
|
|a viii, 191 pages ;
|c 21 cm.
|
| 541 |
|
|
|a Donated By Akbar Ali Khan
|e 40169
|
| 650 |
|
0 |
|a Science.
|9 52819
|
| 852 |
|
|
|a Ayesha Abed Library
|c Akbar Ali Khan Collection
|
| 942 |
|
|
|2 ddc
|c BK
|
| 952 |
|
|
|0 0
|1 0
|2 ddc
|4 0
|6 501_000000000000000_WHI
|7 1
|9 72470
|a BRACUL
|b BRACUL
|c AAKC
|d 2022-12-12
|e Donated by Akbar Ali Khan
|l 0
|o 501 WHI
|p 3010040169
|r 2022-12-12
|t 1
|w 2022-12-12
|y BK
|